Excavaciones en la cueva del Juyo / (Record no. 5395)

MARC details
000 -LEADER
campo de control de longitud fija 01279nam a2200301 i 4500
001 - NÚMERO DE CONTROL
campo de control 5395
003 - IDENTIFICADOR DE NÚMERO DE CONTROL
campo de control ES-MaACL
005 - FECHA Y HORA DE LA ÚLTIMA TRANSACCIÓN
campo de control 20250811084918.0
008 - DATOS DE LONGITUD FIJA--INFORMACIÓN GENERAL
campo de control de longitud fija 880610s1985 sp a |||| | spa d
020 ## - NÚMERO INTERNACIONAL ESTÁNDAR DEL LIBRO
Número Internacional Estándar del Libro 84-505-6551-0
080 ## - NÚMERO DE LA CLASIFICACIÓN DECIMAL UNIVERSAL
Número de la Clasificación Decimal Universal 571.1(463.3)
245 00 - MENCIÓN DEL TÍTULO
Título Excavaciones en la cueva del Juyo /
Mención de responsabilidad, etc. por I. Barandiaran ... [et al.] ; [introducción por J. González Echegaray].
250 ## - MENCION DE EDICION
Mención de edición 1ª.ed.
260 ## - PUBLICACIÓN, DISTRIBUCIÓN, ETC.
Lugar de publicación, distribución, etc. Madrid :
Nombre del editor, distribuidor, etc. Ministerio de Cultura, Subdirección General de Arqueología y Etnografía,
Fecha de publicación, distribución, etc. 1985.
300 ## - DESCRIPCIÓN FÍSICA
Extensión 224 p., 1 h. pleg. :
Otras características físicas il. ;
Dimensiones 31 cm.
490 1# - MENCIÓN DE SERIE
Mención de serie Monografías del Centro de Investigación y Museo de Altamira ;
Designación de volumen o secuencia 14
500 ## - NOTA GENERAL
Nota general Índice.
504 ## - NOTA DE BIBLIOGRAFÍA, ETC.
Nota de bibliografía, etc. Bibliografía.
651 #4 - PUNTO DE ACCESO ADICIONAL DE MATERIA--NOMBRE GEOGRÁFICO
Nombre geográfico Cueva del Juyo (Cantabria)-
Subdivisión general Excavaciones arqueológicas.
9 (RLIN) 8127
651 #4 - PUNTO DE ACCESO ADICIONAL DE MATERIA--NOMBRE GEOGRÁFICO
Nombre geográfico Cueva del Juyo (Cantabria)-
Subdivisión general Restos arqueológicos prehistóricos.
9 (RLIN) 8128
700 1# - ENTRADA AGREGADA--NOMBRE PERSONAL
Nombre de persona Barandiarán, Ignacio.
9 (RLIN) 25309
700 1# - ENTRADA AGREGADA--NOMBRE PERSONAL
Nombre de persona González Echegaray, Joaquín.
9 (RLIN) 58609
710 1# - ENTRADA AGREGADA--NOMBRE DE ENTIDAD CORPORATIVA
Nombre de entidad corporativa o nombre de jurisdicción como elemento de entrada España.
Unidad subordinada Subdirección General de Arqueología y Etnografía.
9 (RLIN) 3710
710 2# - ENTRADA AGREGADA--NOMBRE DE ENTIDAD CORPORATIVA
Nombre de entidad corporativa o nombre de jurisdicción como elemento de entrada Museo y Centro de Investigación de Altamira
9 (RLIN) 5930
830 00 - PUNTO DE ACCESO ADICIONAL DE SERIE-TÍTULO UNIFORME
Título uniforme Monografías (Centro de Investigación y Museo de Altamira)
Designación de volumen o secuencia 14
9 (RLIN) 241422
852 ## - LOCALIZACIÓN
Ubicación ES-MaACL
Número de control de estantería L-12164
Holdings
Estatus retirado Estado de pérdida Estado de daño No para préstamo Biblioteca de origen Biblioteca actual Ubicación en estantería Fecha de adquisición Fuente de adquisición Total de préstamos Signatura topográfica completa Código de barras Visto por última vez Precio de reemplazo Tipo de ítem Koha
        Biblioteca del Ateneo de Madrid Biblioteca del Ateneo de Madrid Depósito 2 17/01/2008     L-12164 1005461 23/02/2023 23/02/2023 Libro impreso